banner-ar

المدرسة القومية الحديثة لتعليم العزف على الفيولينه: الكمان / (Record no. 50012)

MARC details
000 -الفاتح
حقل البيانات ثابتة الطول 00699nam a2200205Ia 4500
008 - عناصر البيانات ثابتة الطول - معلومات عامة
حقل البيانات ثابتة الطول 140319s9999 xx 000 0 ara d
040 ## - مصدر الفهرسة
وكالة الفهرسة الأصلية GCL /
وكالة النسخ GCL
082 04 - رقم تصنيف ديوى العشرى
رقم التصنيف 787.1
رقم المادة خ م
100 1# - المدخل الرئيسى - إسم شخصى
الإسم الشخصى خيرى ابراهيم الملط
245 10 - بيان العنوان
العنوان المدرسة القومية الحديثة لتعليم العزف على الفيولينه: الكمان /
بيان المسئوليه,etc خيرى ابراهيم الملط
300 ## - الوصف المادى
التعداد 81 ص
490 ## - بيان السلسلة
عنوان السلسلة الهيئة العامة للاستعلامات
رقم المجلد/ التعيين التسلسلي 0
650 04 - المدخل الاضافى بالموضوع-مصطلح موضوعى
مصطلح موضوعي الموسيقى
650 04 - المدخل الاضافى بالموضوع-مصطلح موضوعى
مصطلح موضوعي الالات الموسيقية
650 04 - المدخل الاضافى بالموضوع-مصطلح موضوعى
مصطلح موضوعي الكمان
650 04 - المدخل الاضافى بالموضوع-مصطلح موضوعى
مصطلح موضوعي الالات الوترية
650 04 - المدخل الاضافى بالموضوع-مصطلح موضوعى
مصطلح موضوعي الفيولينه
942 ## - عناصر المدخل الإضافي( كوها)
مصدر التصنيف او مخطط الترفيف Dewey Decimal Classification
Koha [default] item type كتاب
Holdings
حالة التراجع حالة الفقد حالة تلف ليس للاعارة المكان المؤقت الموقع الحالى تاريخ الاكتساب اجمالي اﻻعارات رقم الطلب الباركود تاريخ اخر مشاهدة تاريخ تفعيل السعر نوع وعاء كوها مصدر التصنيف او خطة الترفيف موقع الترفيف
        مكتبة القاهرة الكبرى مكتبة القاهرة الكبرى 03/26/2014   787.1\خ م 119918 03/26/2014 03/26/2014 كتاب    
        مكتبة القاهرة الكبرى مكتبة القاهرة الكبرى 03/12/2019   787.1 خ م 165672 03/12/2019 03/12/2019 كتاب ddc  
        مكتبة القاهرة الكبرى مكتبة القاهرة الكبرى 07/08/2019   787.1\ خ م 166051 07/08/2019 07/08/2019 كتاب ddc  
        مكتبة القاهرة الكبرى مكتبة القاهرة الكبرى 10/13/2019   787.1/ خ م 166610 10/13/2019 10/13/2019 كتاب ddc  
        مكتبة القاهرة الكبرى مكتبة القاهرة الكبرى 10/20/2019   787.1\خ م 166668 10/20/2019 10/20/2019 كتاب ddc  

Powered By

EGPV